| 000 | 00519pam a2200169 a 4500 | ||
|---|---|---|---|
| 020 |
_a978-81--317-0505-6 _cP.B. |
||
| 041 | _aeng | ||
| 082 |
_a006.6 _bFOL/DAM |
||
| 100 | _aFOLEY J. D., DAM A. V., FEINER S. K. AND HUGHES J. F. | ||
| 245 |
_aCOMPUTER GRAPHICS PRINCIPLES AND PRACTICE 2ND EDITION IN C _hTextual Documents |
||
| 250 | _a01-01-2009 | ||
| 260 | _bDORLING KINDERSLEY (INDIA) PVT.LTD.- PEARSON EDU | ||
| 300 |
_a1158 _c24*17 |
||
| 500 | _a13716 | ||
| 653 | _aCOMPUTER GRAPHICS (S.E.-II) | ||
| 930 | _a13242 | ||
| 999 |
_c56464 _d56464 |
||